Normal view
MARC view
- Varghese, Sherin
Entry Personal Name
001 - CONTROL NUMBER
- control field: 204437
003 - CONTROL NUMBER IDENTIFIER
- control field: OSt
005 - DATE AND TIME OF LATEST TRANSACTION
- control field: 20230824144714.0
008 - FIXED-LENGTH DATA ELEMENTS
- fixed length control field: 230824|| aca||aabn | a|a d
040 ## - CATALOGING SOURCE
- Original cataloging agency: OSt
- Transcribing agency: OSt
100 ## - HEADING--PERSONAL NAME
- Personal name: Varghese, Sherin
670 ## - SOURCE DATA FOUND
- Source citation: Work cat.: (OSt)355900: Varghese, Sherin, Text book of Applied Biochemistry for B.Sc. Nursing Second Semester - According to INC New Syallabus 2021-2022 onwards, 2022